[Event "Olympiad Women 2024"]
[Site "Budapest HUN"]
[Date "2024.09.19"]
[Round "8.63"]
[Board "4"]
[White "Parrado, Angelica"]
[Black "Portelli, Martina"]
[Result "0-1"]
[WhiteElo "1741"]
[BlackElo "1523"]
[PlyCount "48"]
[EventDate "2024.09.11"]
[WhiteTeam "Palau"]
[BlackTeam "Malta"]
[WhiteTeamCountry "PAL"]
[BlackTeamCountry "MLT"]

1. d4 Nf6 2. e3 d5 3. Bd3 g6 4. Nd2 Bg7 5. c3 O-O 6. f4 b6 7. Ngf3 c5 8. O-O Nc6 ({RR} 8... Qc7 9. Ne5 Bf5 10. Bxf5 gxf5 11. Rf3 Nbd7 12. Rh3 b5 13. Ndf3 a5 14. Bd2 Ne4 15. Qe1 Nxe5 16. fxe5 Ra6 17. Rh5 Qd7 18. Qh4 Rg6 19. Rxh7 Qe6 20. Rh5 Rg4 21. Qh3 Qg6 22. Rf1 e6 23. Be1 {1-0 Lukovnikov,A (2363)-Raetsky,A (2410) Voronezh City-ch 2007 (9)}) 9. Ne5 ({RR} 9. Qe1 c4 10. Bc2 b5 11. a3 a5 12. e4 dxe4 13. Nxe4 Bb7 14. Ng3 Qd6 15. Ne5 b4 16. axb4 axb4 17. Rxa8 Rxa8 18. Qe2 bxc3 19. bxc3 Ra2 20. Rf2 Ra1 21. Rf1 Na5 22. f5 Qd5 23. fxg6 hxg6 {1-0 Harriott,T (1802)-Powell,P (2270) Titled Tue 9th Jan Late 2024 (3)}) 9... Nxe5 10. fxe5 Nd7 $146 ({RR} 10... Ng4 11. Nf3 f6 12. h3 fxe5 13. hxg4 e4 14. Be2 exf3 15. Bxf3 Bb7 16. Qb3 c4 17. Qc2 e5 18. Bd2 e4 19. Be2 Qg5 20. b3 b5 21. a4 a6 22. Qb2 Bc6 23. bxc4 bxc4 24. Qb6 Rfc8 25. Rf2 {1-0 De la Casa,A-Lo,Y Olympiad-22 Haifa 1976 (2.2)}) ({RR} 10... Ng4 11. Qe1 f6 12. h3 Nh6 13. exf6 exf6 14. Qf2 Bb7 15. Nf3 Nf7 16. b3 Nd6 17. Nd2 Qe7 18. Ba3 Rac8 19. Qf4 Rfe8 20. Rae1 Qf8 21. Rf3 Re6 22. Rg3 Qe7 23. c4 cxd4 24. cxd5 Bxd5 25. Qxd4 {1-0 Cabrera Gonzalez,S (2011)-Vargas Maliqueo,I (2279) Santiago op Santiago de Chile 2002 (1)}) ({RR} 10... Ng4 11. Nf3 f6 12. exf6 exf6 13. h3 Nh6 14. e4 Bb7 15. exd5 cxd4 16. Nxd4 Qxd5 17. Qb3 Qxb3 18. Nxb3 Nf7 19. Bc4 Rac8 20. Be6 Rce8 21. Nd4 f5 22. Bxf7+ Rxf7 23. Nb5 Rd7 24. Bf4 Bc6 25. Nd6 {0-1 Le T Thanh,T-Nguyen T Phuong,T Phu Dong festival U16 Girls 6th 2004 (7)}) 11. Nf3 e6 12. Bd2 f6 13. exf6 Nxf6 14. h3 Qc7 15. Ng5 e5 16. e4 h6 17. dxe5 hxg5 18. exf6 Bxf6 19. exd5 Bxh3 20. Bxg6 Qg3 21. Qf3 Bd4+ 22. cxd4 Rxf3 23. Bf7+ Rxf7 24. Rxf7 Qxg2# 0-1

[Event "Olympiad Women 2024"]
[Site "Budapest HUN"]
[Date "2024.09.19"]
[Round "8.64"]
[Board "1"]
[White "Strade, Arita"]
[Black "Nomcebo, Sibisi"]
[Result "1-0"]
[WhiteElo "1946"]
[BlackElo "1570"]
[PlyCount "101"]
[EventDate "2024.09.11"]
[WhiteTeam "Guernsey"]
[BlackTeam "Eswatini"]

1. e4 e6 2. d4 d5 3. Bd3 c5 4. dxc5 Bxc5 ({RR} 4... dxe4 5. Bb5+ Bd7 6. Nc3 Bxc5 7. Bxd7+ Qxd7 8. Qxd7+ Nxd7 9. Nxe4 Be7 10. Be3 Ngf6 11. Nxf6+ Bxf6 12. O-O-O Ke7 13. Nf3 Rhd8 14. g4 g6 15. g5 Bg7 16. h4 b6 17. h5 Nc5 18. hxg6 hxg6 19. Rh7 {0-1 Winkels,M (1924)-Miszler,L (2262) Titled Tue 13th Aug Late 2024 (1)}) 5. exd5 Qxd5 6. Bb5+ ({RR} 6. Nf3 Nf6 7. O-O O-O 8. h3 Nc6 9. Nc3 Qd8 10. Bg5 Be7 11. Qe2 a6 12. Rad1 Qa5 13. Ne4 Nxe4 14. Qxe4 f5 15. Qh4 Bxg5 16. Nxg5 h6 17. Nf3 Qd8 18. Qxd8 Rxd8 19. Bc4 Rxd1 20. Rxd1 Kf7 {½-½ Fernandez Barrera,V (2298)-Acosta,P (2465) Titled Tuesday intern op 16th Feb blitz 2021 (3)}) 6... Nc6 $146 ({RR} 6... Bd7 7. Qxd5 exd5 8. Bd3 Bc6 9. Nd2 Nf6 10. Ngf3 O-O 11. O-O Re8 12. Nb3 Bb6 13. Bd2 a5 14. Bc3 Ne4 15. Bd4 Bxd4 16. Nbxd4 Nd7 17. Bb5 Rac8 18. c3 Ndc5 19. a4 Ne6 20. Rad1 Bxb5 21. Nxb5 {½-½ Macri,P (1847)-Versporten,W (1557) Cavarzere op 14th 2011 (4)}) ({RR} 6... Bd7 7. Qxd5 exd5 8. Bd3 Bc6 9. Nd2 Nf6 10. Ngf3 O-O 11. O-O Re8 12. Nb3 Bb6 13. Bd2 a5 14. Bc3 Ne4 15. Bd4 Bxd4 16. Nbxd4 Nd7 17. Bb5 Rac8 18. c3 Ndc5 19. a4 Ne6 20. Rad1 Bxb5 21. Nxb5 {½-½ Luca,A (1847)-Vallone,R (1557) Reggio Calabria Province-ch 2012 (4)}) ({RR} 6... Bd7 7. Qxd5 exd5 8. Bxd7+ Nxd7 9. Nf3 Ngf6 10. Nc3 O-O 11. O-O a6 12. Bf4 Rfe8 13. Rad1 Rac8 14. Nxd5 Nxd5 15. Rxd5 Nb6 16. Rd3 Re2 17. Rd2 Rce8 18. Rfd1 Bxf2+ 19. Kf1 Rxd2 20. Rxd2 Bc5 21. b3 {1-0 Clavel Oliveras,G (1688)-Bellpuig Mencos,G (1551) Moia op 5th 2016 (4)}) 7. Qxd5 exd5 8. Nf3 Nf6 9. O-O O-O 10. Nbd2 a6 11. Ba4 b5 12. Bb3 Na5 13. a4 Bd7 14. Ne5 Be6 15. Nd3 Bd6 16. c3 Nc4 17. Nf3 Ne4 18. Bc2 Bg4 19. Nd4 bxa4 20. f3 Bh5 21. fxe4 dxe4 22. Ne1 e3 23. Nef3 f5 24. Rxa4 Nb6 25. Ra5 Bxf3 26. Rxf3 f4 27. Bb3+ Kh8 28. Kf1 h6 29. h4 Nd7 30. Rd5 Rf6 31. Nf5 Ne5 32. Nxd6 Nxf3 33. gxf3 Ra7 34. Ne4 Rf8 35. Bc2 a5 36. b3 Rg8 37. c4 Re8 38. Bb2 Rb8 39. Be5 Rf8 40. Bxf4 Raf7 41. Bxe3 Rxf3+ 42. Ke2 Rh3 43. h5 Kg8 44. Nf2 Rh4 45. Rxa5 Rh2 46. Bg6 Rg2 47. Ra7 Rf6 48. c5 Rh2 49. c6 Rg2 50. c7 Rc6 51. Ra8# 1-0

[Event "Olympiad Women 2024"]
[Site "Budapest HUN"]
[Date "2024.09.19"]
[Round "8.64"]
[Board "2"]
[White "Nkwanyane Nolwazi"]
[Black "Nevska, Gerda"]
[Result "0-1"]
[WhiteElo "1542"]
[BlackElo "1892"]
[PlyCount "100"]
[EventDate "2024.09.11"]
[WhiteTeam "Eswatini"]
[BlackTeam "Guernsey"]

1. e4 c5 2. Nf3 g6 3. d4 cxd4 4. Nxd4 Bg7 5. Nc3 a6 6. Bc4 ({RR} 6. Be3 b5 7. h4 Bb7 8. h5 Nf6 9. h6 Bf8 10. e5 Ne4 11. Nxe4 Bxe4 12. Qg4 Bb7 13. O-O-O Qc7 14. Bg5 Nc6 15. Nxc6 Bxc6 16. Qd4 Rc8 17. Rh3 e6 18. Rc3 Qb7 19. Qf4 b4 20. Rc4 f5 {1-0 Zambor,N (2332)-Mrva,M (2435) SVK-chT1E 1213 2012 (1.1)}) ({RR} 6. Be3 e6 7. Be2 Ne7 8. f4 Nbc6 9. e5 d5 10. exd6 Qxd6 11. Nxc6 Qxd1+ 12. Rxd1 Bxc3+ 13. bxc3 Nxc6 14. Bf3 O-O 15. Bxc6 bxc6 16. a4 Rb8 17. Bc5 Re8 18. Ba3 Bb7 19. O-O Red8 20. c4 a5 {½-½ Huynh,N (2058)-Le,K (2057) VIE-ch U20 Girls 2022 (6)}) 6... Qc7 7. Bb3 e6 $146 ({RR} 7... Nf6 8. Be3 O-O 9. f3 e6 10. Qd2 Re8 11. O-O-O b5 12. g4 Nc6 13. h4 h5 14. Nxc6 Qxc6 15. e5 Nh7 16. gxh5 gxh5 17. Rdg1 Kh8 18. Bh6 Bxe5 19. Qg2 Nf6 20. Qg7# {1-0 Unteregge,M (1815)-Bovermann,G (1745) Ruhrgebiet VK3 0304 2003 (5.7)}) 8. Nce2 Ne7 9. Be3 O-O 10. Qd2 Rd8 11. f4 Nbc6 12. c3 Na5 13. Qc2 Nxb3 14. Qxb3 Nc6 15. O-O Na5 16. Qd1 Nc4 17. Qc1 Nxe3 18. Qxe3 e5 19. fxe5 Qxe5 20. Qf4 f6 21. Rad1 b5 22. Qxe5 fxe5 23. Nc2 Bb7 24. Ng3 d5 25. Rfe1 dxe4 26. Rxd8+ Rxd8 27. Nxe4 Bxe4 28. Rxe4 Rd2 29. Nb4 a5 30. Nc6 Rxb2 31. Nxa5 Rxa2 32. Nc6 Ra4 33. Nb4 Kf7 34. Kf2 Ra3 35. Nd5 Ke6 36. Nc7+ Kf5 37. Nxb5 Kxe4 38. Nxa3 Kd3 39. c4 Bf8 40. Nb1 e4 41. Nc3 Bc5+ 42. Ke1 Kxc3 43. Ke2 Kxc4 44. g4 h6 45. h3 h5 46. gxh5 gxh5 47. Ke1 Kd3 48. Kf1 e3 49. Ke1 Bb4+ 50. Kd1 e2+ 0-1

[Event "Olympiad Women 2024"]
[Site "Budapest HUN"]
[Date "2024.09.19"]
[Round "8.65"]
[Board "2"]
[White "Thomas, Nelissa"]
[Black "Zenobia Wasif"]
[Result "1-0"]
[WhiteElo "1631"]
[BlackElo "1743"]
[PlyCount "137"]
[EventDate "2024.09.11"]
[WhiteTeam "Bahamas"]
[BlackTeam "Pakistan"]
[WhiteTeamCountry "BAH"]
[BlackTeamCountry "PAK"]

1. d4 Nf6 2. e3 g6 3. Bd3 Bg7 4. f4 e6 ({RR} 4... O-O 5. Nf3 c5 6. c3 d6 7. Nbd2 Nc6 8. Qe2 e5 9. fxe5 dxe5 10. dxe5 Ng4 11. O-O Ngxe5 12. Bb5 a6 13. Bxc6 Nxc6 14. Nb3 b6 15. e4 a5 16. Rd1 Qc7 17. g3 Ba6 18. Qc2 Ne5 19. Nxe5 {0-1 Arico,C-Georgiev,V (2584) Genova op 2001 (1)}) 5. Nf3 d5 ({RR} 5... O-O 6. O-O b6 7. Nbd2 Bb7 8. c3 c5 9. Ne5 d6 10. Ng4 Nxg4 11. Qxg4 e5 12. f5 exd4 13. exd4 Nc6 14. Nf3 Qd7 15. dxc5 bxc5 16. Bf4 Ne5 17. Bxe5 dxe5 18. Bc2 Rab8 19. Rab1 Qc8 20. Ng5 {½-½ Liebl,L (1530)-Thurow,J (1146) Timbo op 2nd 2022 (5)}) 6. O-O O-O 7. Ne5 $146 ({RR} 7. Nbd2 Nbd7 8. c3 c5 9. Qe1 c4 10. Bc2 Re8 11. Ne5 Qc7 12. Qh4 h5 13. Rf3 Nxe5 14. fxe5 Ng4 15. h3 Nh6 16. g4 hxg4 17. hxg4 Qe7 18. g5 Nf5 19. Qg4 Qc7 20. Rh3 Bd7 21. Nf3 Kf8 {0-1 Lopez,S-Sorroche,J Buenos Aires Intercoop 28th 2002 (5)}) 7... Nbd7 8. Nd2 Nxe5 9. dxe5 Nd7 10. c3 c5 11. Nf3 c4 12. Bc2 Nc5 13. g4 f6 14. exf6 Qxf6 15. g5 Qe7 16. Nh4 Qe8 17. Nf3 e5 18. Qxd5+ Ne6 19. Nxe5 Kh8 20. Nxc4 Bd7 21. Qg2 Bb5 22. b3 Bxc4 23. bxc4 Bxc3 24. Rb1 b6 25. f5 gxf5 26. Bxf5 Nxg5 27. Kh1 Qh5 28. Bb2 Bg7 29. Bxg7+ Kxg7 30. e4 Rad8 31. Rg1 Kh6 32. Bxh7 Rf7 33. Bf5 Rg7 34. Qg4 Qxg4 35. Rxg4 Nf3 36. Rxg7 Kxg7 37. Kg2 Nh4+ 38. Kg3 Nxf5+ 39. exf5 Kf6 40. Rf1 Rd4 41. Rf4 Rd2 42. a4 Rc2 43. h4 Rc1 44. Kf3 Rc3+ 45. Kg4 Rc1 46. Kf3 Ke5 47. Ke3 Rc3+ 48. Kd2 Rh3 49. f6 Rh2+ 50. Ke3 Rh3+ 51. Rf3 Rxf3+ 52. Kxf3 Kxf6 53. h5 Kg5 54. Ke4 Kxh5 55. Kd5 Kg6 56. Kc6 Kf6 57. Kb7 Ke5 58. Kxa7 Kd4 59. Kxb6 Kxc4 60. a5 Kd5 61. a6 Kd6 62. a7 Kd7 63. a8=Q Kd6 64. Qe4 Kd7 65. Qc6+ Ke7 66. Kc5 Kf7 67. Kd5 Ke7 68. Qe6+ Kd8 69. Qf7 1-0

[Event "Olympiad Women 2024"]
[Site "Budapest HUN"]
[Date "2024.09.19"]
[Round "8.65"]
[Board "3"]
[White "Mehak Gul"]
[Black "Johnson, Daijah"]
[Result "1-0"]
[WhiteElo "1709"]
[BlackElo "1625"]
[PlyCount "33"]
[EventDate "2024.09.11"]
[WhiteTeam "Pakistan"]
[BlackTeam "Bahamas"]
[WhiteTeamCountry "PAK"]
[BlackTeamCountry "BAH"]

1. d4 Nf6 2. Nf3 g6 3. g3 Bg7 4. Bg2 d6 5. c4 O-O 6. O-O c6 7. Nc3 Bg4 8. Qb3 Qc7 9. h3 ({RR} 9. Be3 Bxf3 10. Bxf3 Nbd7 {0-1 Lenz,J (2138)-Ehmann,T (2402) ch-GER Blitz 2023 (12.5)}) 9... Bxf3 10. Bxf3 Nbd7 $146 ({RR} 10... a6 11. Rd1 Nbd7 12. a3 Rab8 13. Qc2 b5 14. cxb5 cxb5 15. Bd2 Rfc8 16. Rac1 Nb6 17. Qd3 Qc4 18. Qe3 Qb3 19. Rb1 Qe6 20. Qd3 Qxh3 21. Bg2 Qd7 22. Rbc1 Nc4 23. e3 Nxb2 24. Qc2 Nxd1 25. Rxd1 {0-1 Mariduena Villa,J (1180)-Naekat Mashianda,J (1075) ECU-ch Schools U15 Girls Clas1 2020 (6)}) 11. Bg5 e5 12. dxe5 Nxe5 13. Bg2 Rad8 14. Ne4 Ned7 15. Qf3 Ne5 16. Nxf6+ Kh8 17. Qf4 1-0

[Event "Olympiad Women 2024"]
[Site "Budapest HUN"]
[Date "2024.09.19"]
[Round "8.65"]
[Board "4"]
[White "Pride, Chika"]
[Black "Aayat Asmi"]
[Result "1-0"]
[WhiteElo "1587"]
[BlackElo "1421"]
[PlyCount "68"]
[EventDate "2024.09.11"]
[WhiteTeam "Bahamas"]
[BlackTeam "Pakistan"]
[WhiteTeamCountry "BAH"]
[BlackTeamCountry "PAK"]

1. e4 {Bulletin} e6 2. d4 d5 3. exd5 exd5 4. Nc3 Nf6 5. Nf3 Bd6 6. Bd3 O-O 7. O-O Re8 ({RR} 7... h6 8. Be3 c6 9. Qd2 Re8 10. Bf4 Ne4 11. Qc1 Bf5 12. Bxd6 Qxd6 13. Ne2 Nd7 14. Qf4 Qxf4 15. Nxf4 Bg4 16. Rfe1 {½-½ Polgar,S (2335)-Polgar,J (2555) Vejstrup 1989}) ({RR} 7... h6 8. Ne5 c5 9. Nf3 cxd4 10. Nxd4 Nc6 11. Nf5 Bb8 12. Qf3 Ne5 13. Qg3 Neg4 14. Bf4 Bxf5 15. Bxf5 Nh5 16. Qxg4 Nxf4 17. g3 h5 18. Qf3 Qg5 19. Nxd5 Qxf5 20. Nxf4 h4 21. Qd3 Qg4 22. Qe2 {1-0 Vujovic,V (2123)-Sheikh Abdullah Munshee,A (1274) Swiss Queens Wed #3 2024 (9.81)}) 8. Bg5 c6 9. Ne2 $146 ({RR} 9. Re1 Rxe1+ 10. Qxe1 Nbd7 11. Ne2 Nf8 12. Ng3 Ne6 13. Bh4 g6 14. c4 Nf4 15. Bf1 dxc4 16. Ne4 ({RR} 16. Bxc4) 16... Be7 17. Nxf6+ Bxf6 18. Bxf6 Qxf6 19. Qe8+ Kg7 20. Re1 Nh3+ 21. gxh3 Qxf3 22. Re3 Qf6 23. Bxc4 Bxh3 {0-1 Larsen,B-Byrne,R Olympiad-17 Final A 1966 (1)}) ({RR} 9. Re1 Be6 10. Ne5 Nbd7 11. Nxd7 Qxd7 12. Bxf6 gxf6 13. Qh5 f5 14. g4 f6 15. gxf5 Bf7 16. Qh6 Be7 17. Re3 Kh8 18. Rae1 Rg8+ 19. Kh1 Bd8 20. Ne2 c5 21. c3 cxd4 22. cxd4 Rc8 23. Nf4 Rg7 {1-0 De Vere,C-Blackburne,J London 1872}) ({RR} 9. Qd2 Bg4 10. Be2 Nbd7 11. h3 Bf5 12. Rfe1 Qc7 13. Bd3 Be6 14. Ne2 Ne4 15. Bxe4 dxe4 16. Nh4 Qb6 17. c3 h6 18. Bf4 Be7 19. g3 Bxh3 20. Kh2 Bg4 21. Be3 Nf6 22. d5 Qd8 23. dxc6 Qxd2 {½-½ Bonvini,A (1730)-Cappato,K (1635) Batatais op 2nd 2011 (3)}) 9... Bg4 10. Ng3 h6 11. Bxf6 Qxf6 12. Be2 Nd7 13. h3 Bxf3 14. Bxf3 Re7 15. Qd3 Rae8 16. Nf5 Re6 17. Bg4 Qd8 18. Ne3 R6e7 19. Rae1 Nf6 20. f4 Nxg4 21. hxg4 Qb6 22. a3 Qxb2 23. Rb1 Qxa3 24. Rb3 Qa5 25. Rf3 Qe1+ 26. Nf1 Qh4 27. Nh2 Re1+ 28. Rf1 Rxf1+ 29. Nxf1 b6 30. Qf5 g6 31. Qd7 Qe7 32. Qxc6 Bxf4 33. Qxd5 Qe1 34. Rf3 Bd6 1-0

[Event "Olympiad Women 2024"]
[Site "Budapest HUN"]
[Date "2024.09.19"]
[Round "8.66"]
[Board "2"]
[White "Wahid, Chelsea"]
[Black "Cadeau, Merisena"]
[Result "0-1"]
[WhiteElo "1482"]
[BlackElo "1671"]
[PlyCount "110"]
[EventDate "2024.09.11"]
[WhiteTeam "Saint Lucia"]
[BlackTeam "Haiti"]
[BlackTeamCountry "HAI"]

1. d4 d5 2. c4 Nf6 3. cxd5 Qxd5 4. Nc3 Qd8 5. Nf3 Bf5 ({RR} 5... c6 6. e4 Bg4 7. Be2 e6 8. O-O Be7 9. h3 Bxf3 10. Bxf3 Nbd7 11. Bf4 Nb6 12. a4 O-O 13. a5 Nbd7 14. Qb3 b6 15. a6 Rc8 16. Rad1 Qe8 17. Rfe1 e5 18. dxe5 Nc5 19. Qa2 Nfd7 20. Bg4 {1-0 Hoffman,A (2540)-Escamilla,V Seville op 1994 (4)}) ({RR} 5... e6 6. g3 c5 7. Bg2 Nc6 8. e3 Be7 9. O-O cxd4 10. Nxd4 Nxd4 11. exd4 Nd5 12. Qb3 Nb6 13. Bf4 O-O 14. Rfd1 Bf6 15. a4 Re8 16. Nb5 Re7 17. Rac1 Nd5 18. Bxd5 exd5 19. Nc7 Bg4 20. f3 {1-0 Onasch,G (1980)-Schomann,M (1776) 12th Int Senioren-Cup 2024 (1.57)}) 6. Bf4 c6 7. e3 e6 8. Bd3 $146 ({RR} 8. Be2 h6 9. O-O Bd6 10. Bg3 Bxg3 11. fxg3 Ng4 12. Qd2 Nd7 13. Nh4 g6 14. e4 g5 15. exf5 gxh4 16. Bxg4 hxg3 17. fxe6 gxh2+ 18. Kh1 fxe6 19. Bh5+ Ke7 20. Rf7+ Kd6 21. Qf4+ e5 22. dxe5+ Nxe5 {1-0 Prommuang,A (1546)-Boualapim,D Laos op Vientiane 2018 (5)}) 8... Bg4 9. O-O Be7 10. h3 Bh5 11. Ne4 Nd5 12. Bh2 O-O 13. Ng3 Bg6 14. Re1 Bb4 15. Re2 Nd7 16. Bxg6 hxg6 17. Nf1 N7f6 18. e4 Nb6 19. Rc1 Re8 20. N1d2 Rc8 21. Nc4 Nxc4 22. Rxc4 Ba5 23. Qc2 Bc7 24. Bxc7 Qxc7 25. Ne5 Nd7 26. Nxd7 Qxd7 27. Qc3 Qc7 28. e5 f6 29. Qg3 Kf7 30. Re4 Rh8 31. Rg4 Rh6 32. exf6 gxf6 33. Qe3 Rh7 34. Re4 Qd6 35. Qb3 Rc7 36. Rc2 Rh5 37. Rce2 Re7 38. Qa4 a6 39. Qb3 Rb5 40. Qc2 Qd5 41. b3 Qd6 42. Rh4 Kg7 43. Qd2 g5 44. Rhe4 Rd5 45. Qe3 Kf7 46. h4 f5 47. Re5 gxh4 48. Rxd5 exd5 49. Qd3 Rxe2 50. Qxe2 Qg6 51. Qf3 Qg4 52. Qxg4 fxg4 53. Kf1 Kf6 54. Ke2 Kf5 55. f3 Kf4 0-1

[Event "Olympiad Women 2024"]
[Site "Budapest HUN"]
[Date "2024.09.19"]
[Round "8.66"]
[Board "4"]
[White "Richards, TrisAnn"]
[Black "Belgarde, Roudena"]
[Result "1-0"]
[WhiteElo "1653"]
[BlackElo "1540"]
[PlyCount "111"]
[EventDate "2024.09.11"]
[WhiteTeam "Saint Lucia"]
[BlackTeam "Haiti"]
[BlackTeamCountry "HAI"]

1. c4 e5 2. Nc3 Nf6 3. Nf3 Nc6 4. e3 Bb4 5. Qb3 O-O ({RR} 5... e4 6. Nd4 Nxd4 7. exd4 Bxc3 8. dxc3 d6 9. Be2 h6 10. h3 b6 11. Be3 Qe7 12. O-O-O O-O 13. g4 Nh7 14. h4 f5 15. gxf5 Bxf5 16. Rdg1 Kh8 17. Rg3 Nf6 18. Qd1 c5 19. b3 Rad8 20. Kb2 {1-0 Short,N (2698)-Brunello,S (2586) Olympiad-40 Istanbul 2012 (6.3)}) 6. Be2 d6 ({RR} 6... e4 7. Nd4 Nxd4 8. exd4 a5 9. O-O Bxc3 10. dxc3 d5 11. cxd5 Nxd5 12. c4 Nb4 13. d5 Bf5 14. Be3 Qf6 15. Bc5 Rfe8 16. Bxb4 axb4 17. Qxb4 b6 18. a4 e3 19. fxe3 Rxe3 20. Bf3 Rae8 21. c5 {0-1 Samaganova,A (1915)-Slovineanu,V (2412) Titled Tue 28th May Early 2024 (9)}) 7. O-O Bxc3 $146 ({RR} 7... Rb8 8. d4 Bxc3 9. bxc3 Bg4 10. h3 Bh5 11. g4 Bg6 12. Nh4 Ne7 13. c5 Be4 14. cxd6 cxd6 15. f3 Bd5 16. c4 Be6 17. d5 Bd7 18. a4 Ne8 19. Ng2 Ng6 20. e4 Nh4 21. a5 Nxg2 22. Kxg2 {1-0 Avery,R-Padilla,R US Open-95 Chicago 1994 (1)}) ({RR} 7... Re8 8. d3 a6 9. Bd2 Rb8 10. a3 Bc5 11. Qc2 Ba7 12. b4 Ne7 13. Rad1 Ng6 14. Bc1 c6 15. Bb2 d5 16. cxd5 cxd5 17. Rc1 b5 18. Nb1 Bb6 19. Nbd2 Ng4 20. h3 Nh6 21. Nb3 Nf5 22. Nc5 {½-½ Wegerich,M-Kotter,R (2295) GER-ch Polizei 1998 (2)}) ({RR} 7... Bg4 8. Nd5 e4 9. Nxb4 exf3 10. Bxf3 Bxf3 11. gxf3 Ne5 12. e4 Nxf3+ 13. Qxf3 Qd7 14. d3 Rfe8 15. Bg5 Ng4 16. Nd5 Ne5 17. Qg3 c6 18. Nf4 h6 19. Bxh6 g6 20. Kh1 Ng4 21. Bg5 Re5 22. Nh3 {1-0 Pala,G (1998)-Miano,G (1613) Anti Cheating Blitz Cup 2020 (6)}) 8. bxc3 Bg4 9. Re1 Rb8 10. d4 exd4 11. cxd4 d5 12. Ba3 Re8 13. Rac1 dxc4 14. Qxc4 Qd5 15. Qxd5 Nxd5 16. Nd2 Bxe2 17. Rxe2 Rbc8 18. Nb3 a5 19. Rc5 Ndb4 20. d5 Ne7 21. Bxb4 axb4 22. Rd2 c6 23. d6 b6 24. Rcc2 Nd5 25. d7 Nc3 26. dxe8=Q+ Rxe8 27. a3 Ne4 28. Rd7 Nf6 29. Rd6 h6 30. axb4 Re4 31. Rd4 Re6 32. Rd8+ Kh7 33. Nd4 Re4 34. Rxc6 Re7 35. Rxb6 Rc7 36. Rc6 Ra7 37. Rc1 Ra2 38. Rdc8 Rb2 39. b5 Nd5 40. R8c2 Rb4 41. Rd2 Kg6 42. h3 h5 43. Rdd1 Kh7 44. Rb1 Ra4 45. b6 Nc3 46. b7 Nxd1 47. b8=Q Nc3 48. Qb3 Ra6 49. Qxc3 Ra7 50. Nf5 f6 51. Qd3 g6 52. Ng3 Kh6 53. e4 g5 54. Nf5+ Kg6 55. Qd8 Kf7 56. Qc8 1-0

[Event "Olympiad Women 2024"]
[Site "Budapest HUN"]
[Date "2024.09.19"]
[Round "8.67"]
[Board "1"]
[White "Shipindo, Rauha"]
[Black "Sele, Timea"]
[Result "1/2-1/2"]
[WhiteElo "1677"]
[BlackElo "1699"]
[PlyCount "60"]
[EventDate "2024.09.11"]
[WhiteTeam "Namibia"]
[BlackTeam "Liechtenstein"]
[WhiteTeamCountry "NAM"]
[BlackTeamCountry "LIE"]

1. e4 e5 2. Nf3 Nc6 3. Bb5 g6 4. Nc3 Bg7 5. d3 Nge7 6. Be3 ({RR} 6. h4 h6 7. h5 g5 8. a4 d6 9. Nh2 O-O 10. g4 Nd4 11. Bc4 c6 12. Nf1 d5 13. Ba2 Be6 14. Ne3 Qd7 15. Nf5 dxe4 16. dxe4 Nexf5 17. gxf5 Bxa2 18. Nxa2 g4 19. Qxg4 Nxc2+ 20. Kf1 Kh7 {0-1 Bartel,M (2634)-Petrov,N (2585) Wch Blitz Moscow 2019 (12)}) ({RR} 6. Bc4 Na5 7. a4 Nxc4 8. dxc4 d6 9. Be3 Be6 10. b3 h6 11. Qd2 f5 12. exf5 gxf5 13. g3 Ng6 14. Rg1 e4 15. Nd4 Bd7 16. f4 h5 17. O-O-O a6 18. Kb1 b5 19. cxb5 axb5 20. Ndxb5 Bxb5 {1-0 Fromm,M (2446)-Kiremitciyan,A (2281) Titled Tue 27th Feb Early 2024 (8)}) 6... a6 7. Ba4 $146 ({RR} 7. Bc4 Na5 8. Bb3 d6 9. Qd2 Nxb3 10. axb3 h6 11. O-O-O c5 12. Ng1 Be6 13. f4 Qa5 14. Na4 Qxd2+ 15. Kxd2 b5 16. Nc3 Nc6 {½-½ Bodi,T (2105)-Zentai,P (2264) Budapest Karacsonyi op 5th 2013 (6)}) ({RR} 7. Bc4 d6 8. Qd2 h6 9. a3 Bg4 10. O-O-O b5 11. Bb3 b4 12. axb4 Nxb4 13. h3 Be6 14. Bxe6 fxe6 15. d4 exd4 16. Nxd4 Qd7 17. Nde2 Nec6 18. f4 a5 19. e5 d5 20. b3 Na7 21. Na4 Nb5 {0-1 Spiranec,N (1706)-Matosevic,I (1884) CRO-chT U20 23rd 2014 (10.2)}) 7... b5 8. Bb3 Na5 9. Qd2 d6 10. Ng5 Nxb3 11. axb3 Bb7 12. f4 exf4 13. Bxf4 Qd7 14. Qf2 O-O 15. O-O h6 16. Nf3 g5 17. Bd2 Ng6 18. Nd4 d5 19. Nf5 f6 20. Rae1 Ne7 21. Ng3 dxe4 22. Ncxe4 Bxe4 23. Rxe4 f5 24. Re2 Rae8 25. Bc3 Bxc3 26. bxc3 f4 27. Ne4 Nf5 28. Rfe1 Ne3 29. h3 Kg7 30. Qf3 Qe7 1/2-1/2

[Event "Olympiad Women 2024"]
[Site "Budapest HUN"]
[Date "2024.09.19"]
[Round "8.68"]
[Board "1"]
[White "Mahi R. Shah"]
[Black "Ollet, Myra"]
[Result "1-0"]
[WhiteElo "1602"]
[BlackElo "1658"]
[PlyCount "127"]
[EventDate "2024.09.11"]
[WhiteTeam "Tanzania"]
[BlackTeam "Guam"]
[WhiteTeamCountry "TAN"]
[BlackTeamCountry "GMA"]

1. d4 Nf6 2. c4 e6 3. Nf3 b6 4. g3 Bb7 5. Bg2 d5 6. cxd5 Bxd5 7. O-O Be7 8. Nc3 Bb7 9. Qc2 O-O 10. e4 c5 ({RR} 10... a6 11. Rd1 b5 12. a3 Nbd7 13. Bf4 Nb6 14. Rac1 Rc8 15. h3 Qe8 16. Qe2 c5 17. dxc5 Bxc5 18. Ne5 h6 19. Nd3 Be7 20. e5 Nfd5 21. Nxd5 Bxd5 22. Be3 Bxg2 23. Kxg2 Nd5 24. Bd4 Rc4 25. Ne1 {0-1 Jagirapu,H (2029)-Balaji,A (2346) Titled Tue 25th Jun Late 2024 (4)}) 11. dxc5 Bxc5 12. Bg5 $146 ({RR} 12. e5 Nd5 13. Ng5 g6 14. Qe4 Nd7 15. Qh4 h5 16. Re1 Re8 17. g4 f6 18. Nge4 fxe5 19. Bg5 Be7 20. gxh5 Bxg5 21. Nxg5 gxh5 22. Qxh5 Qe7 23. Qg6+ Qg7 24. Qxg7+ Kxg7 25. Rad1 Kf6 26. h4 Nc5 {1-0 Hakki,I (2405)-Ali Al,H Dubai op 2000 (7)}) 12... h6 13. e5 hxg5 14. exf6 Qxf6 15. Nxg5 Qxg5 16. Bxb7 Nd7 17. Bxa8 Rxa8 18. Ne4 Qe7 19. Nxc5 Nxc5 20. Rfd1 Qb7 21. Rd4 Nd7 22. Rad1 Nf8 23. Rd8 Rxd8 24. Rxd8 Qe7 25. Qc8 g6 26. Re8 Qb4 27. Qc3 Qd6 28. a3 Qd1+ 29. Kg2 Qd5+ 30. Qf3 Qd6 31. Ra8 a5 32. Rc8 e5 33. Qc6 Qd4 34. Qc3 Qd5+ 35. Qf3 e4 36. Qe3 Kg7 37. Qc3+ Kg8 38. Qc6 Qf5 39. Qc3 Qd5 40. Qe3 Kg7 41. f3 exf3+ 42. Qxf3 Qd2+ 43. Kg1 Qd4+ 44. Kf1 Qd7 45. Rc6 Ne6 46. Rxb6 Qc7 47. Qc3+ Qxc3 48. bxc3 Kf6 49. Ra6 a4 50. Rxa4 Nc5 51. Rf4+ Ke6 52. a4 f6 53. a5 g5 54. Rb4 Kd7 55. Rb6 Ne4 56. a6 Nxc3 57. a7 Nd5 58. Rb7+ Ke6 59. a8=Q Ne3+ 60. Ke2 Nd5 61. Qe8+ Kd6 62. Rd7+ Kc5 63. Rxd5+ Kxd5 64. g4 1-0